banner-ar

عودة الاستعمار من الغزو الثقافى الى حرب الخليج / (Record no. 55450)

MARC details
000 -الفاتح
حقل البيانات ثابتة الطول 00759nam a2200217Ia 4500
008 - عناصر البيانات ثابتة الطول - معلومات عامة
حقل البيانات ثابتة الطول 140319s9999 xx 000 0 ara d
040 ## - مصدر الفهرسة
وكالة الفهرسة الأصلية GCL /
وكالة النسخ GCL
082 04 - رقم تصنيف ديوى العشرى
رقم التصنيف 320.9
رقم المادة ر ع
100 1# - المدخل الرئيسى - إسم شخصى
الإسم الشخصى عبدالرحمن منيف
245 10 - بيان العنوان
العنوان عودة الاستعمار من الغزو الثقافى الى حرب الخليج /
بيان المسئوليه,etc عبدالرحمن منيف
700 1# - المدخل الاضافى - اسم شخصى
الإسم الشخصى رياض نجيب الريس
700 1# - المدخل الاضافى - اسم شخصى
الإسم الشخصى فاصل العزاوى
260 ## - PUBLICATION, DISTRIBUTION, ETC. (IMPRINT)
تاريخ النشر أو التوزيع 1991
300 ## - الوصف المادى
التعداد 265 ص
490 ## - بيان السلسلة
عنوان السلسلة سلسلة كتاب الناقد
رقم المجلد/ التعيين التسلسلي 0
650 04 - المدخل الاضافى بالموضوع-مصطلح موضوعى
مصطلح موضوعي الاحوال السياسية
650 04 - المدخل الاضافى بالموضوع-مصطلح موضوعى
مصطلح موضوعي الوطن العربى
650 04 - المدخل الاضافى بالموضوع-مصطلح موضوعى
مصطلح موضوعي الاسلام والسياسة
942 ## - عناصر المدخل الإضافي( كوها)
مصدر التصنيف او مخطط الترفيف Dewey Decimal Classification
Koha [default] item type كتاب
260 ## - PUBLICATION, DISTRIBUTION, ETC. (IMPRINT)
-- [S.N] :
-- رياض الريس للكتب والنشر ،
Holdings
حالة التراجع حالة الفقد حالة تلف ليس للاعارة المكان المؤقت الموقع الحالى تاريخ الاكتساب اجمالي اﻻعارات رقم الطلب الباركود تاريخ اخر مشاهدة تاريخ تفعيل السعر نوع وعاء كوها
        مكتبة القاهرة الكبرى مكتبة القاهرة الكبرى 03/26/2014   320.9\ر ع 133199 03/26/2014 03/26/2014 كتاب
        مكتبة القاهرة الكبرى مكتبة القاهرة الكبرى 03/26/2014   320.9\ر ع 133200 03/26/2014 03/26/2014 كتاب

Powered By

EGPV